Equipes finalistes de la Copa Del Rey par années. - Statistiques

Statistiques générales
  • Ce quiz a été pris 51 fois
  • Le résultat moyen est 172 sur 247
Statistiques - réponses
Année Equipes % Correct
1903 Real Madrid Finaliste
100%
1905 Real Madrid Vainqueur
100%
1906 Real Madrid Vainqueur
100%
1907 Real Madrid Vainqueur
100%
1908 Real Madrid Vainqueur
100%
1916 Real Madrid Finaliste
100%
1917 Real Madrid Vainqueur
100%
1918 Real Madrid Finaliste
100%
1924 Real Madrid Finaliste
100%
1929 Real Madrid Finaliste
100%
1930 Real Madrid Finaliste
100%
1933 Real Madrid Finaliste
100%
1934 Real Madrid Vainqueur
100%
1936 Real Madrid Vainqueur
100%
1940 Real Madrid Finaliste
100%
1943 Real Madrid Finaliste
100%
1946 Real Madrid Vainqueur
100%
1947 Real Madrid Vainqueur
100%
1958 Real Madrid Finaliste
100%
1960 Real Madrid Finaliste
100%
1961 Real Madrid Finaliste
100%
1962 Real Madrid Vainqueur
100%
1968 Real Madrid Finaliste
100%
1970 Real Madrid Vainqueur
100%
1974 Real Madrid Vainqueur
100%
1975 Real Madrid Vainqueur
100%
1979 Real Madrid Finaliste
100%
1980 Real Madrid Vainqueur
100%
1982 Real Madrid Vainqueur
100%
1983 Real Madrid Finaliste
100%
1989 Real Madrid Vainqueur
100%
1990 Real Madrid Finaliste
100%
1992 Real Madrid Finaliste
100%
1993 Real Madrid Vainqueur
100%
2002 Real Madrid Finaliste
100%
2004 Real Madrid Finaliste
100%
2011 Real Madrid Vainqueur
100%
2013 Real Madrid Finaliste
100%
2014 Real Madrid Vainqueur
100%
2023 Real Madrid Vainqueur
100%
2025 Real Madrid Finaliste
100%
1921 Atletico Madrid Finaliste
91%
1926 Atletico Madrid Finaliste
91%
1956 Atletico Madrid Finaliste
91%
1960 Atletico Madrid Vainqueur
91%
1961 Atletico Madrid Vainqueur
91%
1964 Atletico Madrid Finaliste
91%
1965 Atletico Madrid Vainqueur
91%
1972 Atletico Madrid Vainqueur
91%
1975 Atletico Madrid Finaliste
91%
1976 Atletico Madrid Vainqueur
91%
1985 Atletico Madrid Vainqueur
91%
1987 Atletico Madrid Finaliste
91%
1991 Atletico Madrid Vainqueur
91%
1992 Atletico Madrid Vainqueur
91%
1996 Atletico Madrid Vainqueur
91%
1999 Atletico Madrid Finaliste
91%
2000 Atletico Madrid Finaliste
91%
2010 Atletico Madrid Finaliste
91%
2013 Atletico Madrid Vainqueur
91%
1910 (2eme édition) FC Barcelone Vainqueur
91%
1912 FC Barcelone Vainqueur
91%
1913 (2eme édition) FC Barcelone Vainqueur
91%
1919 FC Barcelone Finaliste
91%
1920 FC Barcelone Vainqueur
91%
1922 FC Barcelone Vainqueur
91%
1925 FC Barcelone Vainqueur
91%
1926 FC Barcelone Vainqueur
91%
1928 FC Barcelone Vainqueur
91%
1932 FC Barcelone Finaliste
91%
1936 FC Barcelone Finaliste
91%
1942 FC Barcelone Vainqueur
91%
1951 FC Barcelone Vainqueur
91%
1952 FC Barcelone Vainqueur
91%
1953 FC Barcelone Vainqueur
91%
1954 FC Barcelone Finaliste
91%
1957 FC Barcelone Vainqueur
91%
1959 FC Barcelone Vainqueur
91%
1963 FC Barcelone Vainqueur
91%
1968 FC Barcelone Vainqueur
91%
1971 FC Barcelone Vainqueur
91%
1974 FC Barcelone Finaliste
91%
1978 FC Barcelone Vainqueur
91%
1981 FC Barcelone Vainqueur
91%
1983 FC Barcelone Vainqueur
91%
1984 FC Barcelone Finaliste
91%
1986 FC Barcelone Finaliste
91%
1988 FC Barcelone Vainqueur
91%
1990 FC Barcelone Vainqueur
91%
1996 FC Barcelone Finaliste
91%
1997 FC Barcelone Vainqueur
91%
1998 FC Barcelone Vainqueur
91%
2009 FC Barcelone Vainqueur
91%
2011 FC Barcelone Finaliste
91%
2012 FC Barcelone Vainqueur
91%
2014 FC Barcelone Finaliste
91%
2015 FC Barcelone Vainqueur
91%
2016 FC Barcelone Vainqueur
91%
2017 FC Barcelone Vainqueur
91%
2018 FC Barcelone Vainqueur
91%
2019 FC Barcelone Finaliste
91%
2021 FC Barcelone Vainqueur
91%
2025 FC Barcelone Vainqueur
91%
1935 FC Seville Vainqueur
83%
1939 FC Seville Vainqueur
83%
1948 FC Seville Vainqueur
83%
1955 FC Seville Finaliste
83%
1962 FC Seville Finaliste
83%
2007 FC Seville Vainqueur
83%
2010 FC Seville Vainqueur
83%
2016 FC Seville Finaliste
83%
2018 FC Seville Finaliste
83%
1934 Valence Finaliste
83%
1937 Valence Finaliste
83%
1941 Valence Vainqueur
83%
1944 Valence Finaliste
83%
1945 Valence Finaliste
83%
1946 Valence Finaliste
83%
1949 Valence Vainqueur
83%
1952 Valence Finaliste
83%
1954 Valence Vainqueur
83%
1967 Valence Vainqueur
83%
1970 Valence Finaliste
83%
1971 Valence Finaliste
83%
1972 Valence Finaliste
83%
1979 Valence Vainqueur
83%
1995 Valence Finaliste
83%
1999 Valence Vainqueur
83%
2008 Valence Vainqueur
83%
2019 Valence Vainqueur
83%
2022 Valence Finaliste
83%
1909 Real Sociedad Vainqueur
79%
1913 (2eme édition) Real Sociedad Finaliste
79%
1928 Real Sociedad Finaliste
79%
1951 Real Sociedad Finaliste
79%
1987 Real Sociedad Vainqueur
79%
1988 Real Sociedad Finaliste
79%
2020 Real Sociedad Vainqueur
79%
1931 Betis Seville Finaliste
77%
1977 Betis Seville Vainqueur
77%
1997 Betis Seville Finaliste
77%
2005 Betis Seville Vainqueur
77%
2022 Betis Seville Vainqueur
77%
1903 Athletic Bilbao Vainqueur
64%
1904 Athletic Bilbao Vainqueur
64%
1905 Athletic Bilbao Finaliste
64%
1906 Athletic Bilbao Finaliste
64%
1910 (1ere édition) Athletic Bilbao Vainqueur
64%
1911 Athletic Bilbao Vainqueur
64%
1913 (1ere édition) Athletic Bilbao Finaliste
64%
1914 Athletic Bilbao Vainqueur
64%
1915 Athletic Bilbao Vainqueur
64%
1916 Athletic Bilbao Vainqueur
64%
1920 Athletic Bilbao Finaliste
64%
1921 Athletic Bilbao Vainqueur
64%
1923 Athletic Bilbao Vainqueur
64%
1930 Athletic Bilbao Vainqueur
64%
1931 Athletic Bilbao Vainqueur
64%
1932 Athletic Bilbao Vainqueur
64%
1933 Athletic Bilbao Vainqueur
64%
1942 Athletic Bilbao Finaliste
64%
1943 Athletic Bilbao Vainqueur
64%
1944 Athletic Bilbao Vainqueur
64%
1945 Athletic Bilbao Vainqueur
64%
1949 Athletic Bilbao Finaliste
64%
1950 Athletic Bilbao Vainqueur
64%
1953 Athletic Bilbao Finaliste
64%
1955 Athletic Bilbao Vainqueur
64%
1956 Athletic Bilbao Vainqueur
64%
1958 Athletic Bilbao Vainqueur
64%
1966 Athletic Bilbao Finaliste
64%
1967 Athletic Bilbao Finaliste
64%
1969 Athletic Bilbao Vainqueur
64%
1973 Athletic Bilbao Vainqueur
64%
1977 Athletic Bilbao Finaliste
64%
1984 Athletic Bilbao Vainqueur
64%
1985 Athletic Bilbao Finaliste
64%
2009 Athletic Bilbao Finaliste
64%
2012 Athletic Bilbao Finaliste
64%
2015 Athletic Bilbao Finaliste
64%
2020 Athletic Bilbao Finaliste
64%
2021 Athletic Bilbao Finaliste
64%
2024 Athletic Bilbao Vainqueur
64%
1911 Espanyol Barcelone Finaliste
55%
1915 Espanyol Barcelone Finaliste
55%
1929 Espanyol Barcelone Vainqueur
55%
1940 Espanyol Barcelone Vainqueur
55%
1941 Espanyol Barcelone Finaliste
55%
1947 Espanyol Barcelone Finaliste
55%
1957 Espanyol Barcelone Finaliste
55%
2000 Espanyol Barcelone Vainqueur
55%
2006 Espanyol Barcelone Vainqueur
55%
1995 Deportivo La Corogne Vainqueur
53%
2002 Deportivo La Corogne Vainqueur
53%
2007 Getafe Finaliste
53%
2008 Getafe Finaliste
53%
1991 Majorque Finaliste
51%
1998 Majorque Finaliste
51%
2003 Majorque Vainqueur
51%
2024 Majorque Finaliste
51%
2005 Osasuna Finaliste
47%
2023 Osasuna Finaliste
47%
1908 Celta Vigo Finaliste
40%
1948 Celta Vigo Finaliste
40%
1994 Celta Vigo Finaliste
40%
2001 Celta Vigo Finaliste
40%
1978 Las Palmas Finaliste
38%
1959 Grenade Finaliste
28%
1963 Real Saragosse Finaliste
26%
1964 Real Saragosse Vainqueur
26%
1965 Real Saragosse Finaliste
26%
1966 Real Saragosse Vainqueur
26%
1976 Real Saragosse Finaliste
26%
1986 Real Saragosse Vainqueur
26%
1993 Real Saragosse Finaliste
26%
1994 Real Saragosse Vainqueur
26%
2001 Real Saragosse Vainqueur
26%
2004 Real Saragosse Vainqueur
26%
2006 Real Saragosse Finaliste
26%
2017 Deportivo Alaves Finaliste
17%
1950 Real Valladolid Finaliste
17%
1989 Real Valladolid Finaliste
17%
1981 Gijon Finaliste
15%
1982 Gijon Finaliste
15%
1937 Levante Vainqueur
15%
1969 Elche Finaliste
11%
1980 Castilla Finaliste
4%
2003 Recreativo Huelva Finaliste
2%
1917 Arenas Guecho Finaliste
0%
1919 Arenas Guecho Vainqueur
0%
1925 Arenas Guecho Finaliste
0%
1927 Arenas Guecho Finaliste
0%
1973 CD Castellon Finaliste
0%
1923 CE Europa Finaliste
0%
1935 CE Sabadell Finaliste
0%
1907 Club Bizcaya Finaliste
0%
1909 Club Espanol de Madrid Finaliste
0%
1910 (2eme édition) Club Espanol de Madrid Finaliste
0%
1914 Espana de Barcelona Finaliste
0%
1912 Gimnastica Madrid Finaliste
0%
1939 Racing de Ferrol Finaliste
0%
1913 (1ere édition) Real Union Club Vainqueur
0%
1918 Real Union Club Vainqueur
0%
1922 Real Union Club Finaliste
0%
1924 Real Union Club Vainqueur
0%
1927 Real Union Club Vainqueur
0%
1910 (1ere édition) Vasconia SC Finaliste
0%
Aucun quiz correspondant
Distribution des résultats
% des personnes avec chaque résultat
Percentile par nombre de réponses
Votre historique - résultats
Vous n’avez pas pris ce quiz